Statistics for Countries With The Most Blue-Eyed People

Click here to take the quiz!

General Stats

  • This quiz has been taken 135 times
  • The average score is 18 of 20

Answer Stats

%Country% Correct
92%Finland
100%
86%Norway
100%
68%United Kingdom
99%
95%Iceland
98%
85%Sweden
98%
65%Russia
97%
59%Belgium
96%
86%Denmark
96%
77%Netherlands
96%
90%Estonia
95%
89%Latvia
95%
72%Germany
94%
68%Poland
94%
82%Ireland
93%
85%Lithuania
92%
74%Belarus
88%
70%Czech Republic
87%
67%Luxembourg
85%
63%Slovakia
79%
70%Liechtenstein
63%

Score Distribution

Percentile by Number Answered

Percent of People with Each Score

Your Score History

You have not taken this quiz